[Event "Medellin de La Raza U2000 op"]
[Site "Medellin"]
[Date "2023.10.16"]
[Round "8"]
[White "Cruz Quiceno, Johana Andrea"]
[Black "Reyes Torres, Diego Fernando"]
[Result "0-1"]
[WhiteElo "1149"]
[BlackElo "1567"]
[PlyCount "38"]
[EventDate "2023.10.12"]
[EventType "swiss"]
[EventRounds "9"]
[EventCountry "COL"]
[SourceTitle "CBM 216 Extra"]
[Source "ChessBase"]
[SourceDate "2023.11.30"]
[SourceVersion "1"]
[SourceVersionDate "2023.11.30"]
[SourceQuality "1"]

1. e4 e5 2. Nf3 Nc6 3. Bc4 h6 4. d3 Bc5 5. Nc3 Nf6 6. h3 0-0 7. Bd5 d6 8. Bd2 Nd4 9. Be3 Be6 10. g4 Nxd5 11. exd5 Bd7 12. Qd2 Nxf3+ 13. Ke2 Nxd2 14. Kxd2 Bxe3+ 15. Kxe3 Qh4 16. Ne4 f5 17. Nd2 fxg4 18. hxg4 Qxf2+ 19. Ke4 Qf4# 0-1